Ariana Grande - Lyrics obvious - Statistiques

Statistiques générales
  • Ce quiz a été pris 3 fois
  • Le résultat moyen est 305 sur 311
Statistiques - réponses
Hint Réponse % Correct
a
100%
afternoon
100%
again
100%
Ain't
100%
All
100%
all
100%
and
100%
babe
100%
baby
100%
back
100%
bands,
100%
bands
100%
be
100%
before
100%
believe
100%
But
100%
come
100%
Could
100%
Crave
100%
Days
100%
didn't
100%
dirty
100%
me
100%
repeatin'
100%
don't
100%
Chorus Don't
100%
door
100%
else,
100%
evening
100%
feel,
100%
feeling
100%
free
100%
fuck
100%
Gettin'
100%
got
100%
had
100%
Hard
100%
have
100%
Verse 1 I
100%
I'd
100%
if
100%
If
100%
I'm
100%
important
100%
impress
100%
in
100%
is
100%
it
100%
just
100%
Keep
100%
knew
100%
leavin'
100%
love
100%
love,
100%
loyalty
100%
lucky,
100%
Makes
100%
Verse 2 Maybe
100%
me
100%
me,
100%
might
100%
mmm
100%
more
100%
morning
100%
my
100%
never
100%
Never
100%
no
100%
No
100%
Nothin'
100%
nothin'
100%
obvious ?
100%
Obvious
100%
of
100%
oh
100%
on
100%
Pre-chorus Others
100%
out
100%
praying
100%
price
100%
promise
100%
put
100%
real
100%
right
100%
shit,
100%
shit
100%
should
100%
sleepin'
100%
somethin'
100%
soon
100%
spell
100%
stay
100%
suitcase
100%
taste
100%
Tell
100%
that
100%
the
100%
The
100%
thing
100%
think
100%
this
100%
thought
100%
through
100%
to
100%
too
100%
(too)
100%
truths
100%
under
100%
up
100%
us
100%
walked
100%
wanna
100%
want
100%
warm
100%
way
100%
we
100%
were
100%
When
100%
when
100%
where
100%
while
100%
would
100%
you
100%
you'll
100%
you're
100%
'bout
50%
gotta
50%
healing
50%
it's
50%
I've
50%
steps
50%
treadmill
50%
when
50%
work,
50%
buy
0%
Aucun quiz correspondant
Distribution des résultats
% des personnes avec chaque résultat
Percentile par nombre de réponses
Votre historique - résultats
Vous n’avez pas pris ce quiz